[Event "Miedzynarodowy Festiwal Szachowy VARSOVIA 2019 - grupa A"]
[Site "Warszawa"]
[Date "1899-12-30"]
[Round "7.16"]
[White "Kolasinski, Krzysztof"]
[Black "Smieszek, Wojciech"]
[Result "1/2-1/2"]
[WhiteTitle "I++"]
[BlackTitle "k"]
[WhiteElo "2115"]
[BlackElo "2140"]

1. e4 c5 2. Nf3 g6 3. d4 cxd4 4. Nxd4 Nc6 5. Nc3 Bg7 6. Be3 Nf6 7. Bc4 O-O 8. Bb3
d6 9. h3 Bd7 10. O-O Rc8 11. f4 Qa5 12. Nd5 Nxd5 13. exd5 Nxd4 14. Bxd4 Bxd4+
15. Qxd4 Qc5 16. Rad1 b5 17. Rfe1 Rfe8 18. c3 a5 19. a3 Rc7 20. Kf2 Bc8 21. Qxc5
Rxc5 22. Rd4 Bb7 1/2-1/2

[Event "Miedzynarodowy Festiwal Szachowy VARSOVIA 2019 - grupa A"]
[Site "Warszawa"]
[Date "1899-12-30"]
[Round "7.17"]
[White "Wikar, Martyna"]
[Black "Luczak, Filip"]
[Result "0-1"]
[WhiteTitle "k+"]
[BlackTitle "CM"]
[WhiteElo "1978"]
[BlackElo "2137"]

1. Nf3 g6 2. e4 Bg7 3. c3 c6 4. d4 d5 5. e5 Bg4 6. Bf4 Qb6 7. b4 a5 8. b5 e6 9.
a4 Ne7 10. h3 Bxf3 11. Qxf3 c5 12. Be3 cxd4 13. Bxd4 Qc7 14. b6 Qc8 15. Na3 Nbc6
16. Nb5 O-O 17. Be2 Nxe5 18. Qf4 N7c6 19. O-O Nxd4 20. cxd4 Nc6 21. Rac1 Qd8 22.
Qc7 Nxd4 23. Bd3 Nxb5 24. Bxb5 Bd4 25. Rfd1 Bxb6 26. Qxb7 Ra7 27. Qc6 Rc7 0-1

[Event "Miedzynarodowy Festiwal Szachowy VARSOVIA 2019 - grupa A"]
[Site "Warszawa"]
[Date "1899-12-30"]
[Round "7.18"]
[White "Czernek, Tymon"]
[Black "Siekanska, Maria"]
[Result "1-0"]
[WhiteTitle "I++"]
[BlackTitle "I++"]
[WhiteElo "2097"]
[BlackElo "1773"]

1. e4 c5 2. Nf3 e6 3. d4 cxd4 4. Nxd4 Nf6 5. Nc3 d6 6. g4 Nc6 7. g5 Nd7 8. Be3
Be7 9. h4 O-O 10. Qh5 a6 11. O-O-O Nxd4 12. Bxd4 b5 13. a3 Qa5 14. f4 Nc5 15.
f5 exf5 16. Nd5 Re8 17. Bxg7 Kxg7 18. Qh6+ Kh8 19. Nxe7 Rxe7 20. Qf8# 1-0

[Event "Miedzynarodowy Festiwal Szachowy VARSOVIA 2019 - grupa A"]
[Site "Warszawa"]
[Date "1899-12-30"]
[Round "7.19"]
[White "Starosta, Martyna"]
[Black "Wojtaszewski, Piotr"]
[Result "1/2-1/2"]
[WhiteTitle "WCM"]
[BlackTitle "I++"]
[WhiteElo "2019"]
[BlackElo "2045"]

1. e4 g6 2. d4 Bg7 3. Nc3 d5 4. Nxd5 c6 5. Nc3 Qxd4 6. Qxd4 Bxd4 7. Bd2 Nd7 8.
f4 Bg7 9. Nf3 Ngf6 10. e5 Nd5 11. Nxd5 cxd5 12. Nd4 Nc5 13. Nb5 Ne6 14. O-O-O
Bd7 15. Be3 Bc6 16. Nd4 Nxd4 17. Bxd4 e6 18. h4 h5 19. Be2 Bf8 20. Kd2 b6 21.
Ke3 Bc5 22. g4 hxg4 23. Bxg4 Ke7 24. Rh3 Rac8 25. c3 Ba4 26. b3 Bb5 27. Rdh1 Bd7
28. Be2 a5 29. a4 Rcg8 30. Bd3 Rh5 1/2-1/2

[Event "Miedzynarodowy Festiwal Szachowy VARSOVIA 2019 - grupa A"]
[Site "Warszawa"]
[Date "1899-12-30"]
[Round "7.20"]
[White "Malaczek, Mateusz"]
[Black "Falkowski, Dawid"]
[Result "1-0"]
[WhiteTitle "II+"]
[BlackTitle "k"]
[WhiteElo "2028"]
[BlackElo "1957"]

1. c4 c5 2. Nf3 Nc6 3. g3 g6 4. Bg2 Bg7 5. Nc3 e5 6. O-O f5 7. d3 Nf6 8. Bg5 d6
9. a3 h6 10. Bxf6 Qxf6 11. Nd5 Qf7 12. Rb1 Be6 13. Ne1 a5 14. b4 axb4 15. axb4
O-O 16. bxc5 dxc5 17. Nc2 Ra5 18. Rb3 b5 19. Rxb5 Rxb5 20. cxb5 Bxd5 21. Bxd5
Qxd5 22. Ne3 Qe6 23. bxc6 Qxc6 24. Qb3+ Kh7 25. Rc1 f4 26. Qd5 Qf6 27. Nd1 f3
28. exf3 Qxf3 29. Qxf3 Rxf3 30. Ne3 Bf8 31. Kg2 Rf6 32. Nc4 Re6 33. Re1 Bg7 34.
f4 g5 35. fxe5 g4 36. h3 gxh3+ 37. Kxh3 Kg6 38. Kg4 Re8 39. Kf4 Re7 40. Ke4 Bh8
41. Kd5 Rd7+ 42. Nd6 Re7 43. e6 Bd4 44. Ne4 Kf5 45. Rf1+ Kg6 46. Kd6 1-0

[Event "Miedzynarodowy Festiwal Szachowy VARSOVIA 2019 - grupa A"]
[Site "Warszawa"]
[Date "1899-12-30"]
[Round "7.21"]
[White "Szewczyk, Mariusz"]
[Black "Karwacki, Piotr"]
[Result "1-0"]
[WhiteTitle "I++"]
[BlackTitle "I"]
[WhiteElo "2022"]
[BlackElo "1952"]

1. e4 c5 2. Nf3 Nc6 3. Bb5 g6 4. O-O Bg7 5. Re1 a6 6. Bxc6 dxc6 7. e5 Bg4 8. h3
Bxf3 9. Qxf3 Nh6 10. e6 O-O 11. d3 Nf5 12. exf7+ Rxf7 13. c3 Qd7 14. Nd2 Rd8 15.
Ne4 b6 16. Ng5 Rf6 17. Bf4 h6 18. Ne4 Rff8 19. Rad1 g5 20. Bh2 Nd6 21. Qe2 Nxe4
22. dxe4 Qc8 23. Qc4+ Kh8 24. Bg3 a5 25. f3 h5 26. a4 h4 27. Bh2 Rxd1 28. Rxd1
Rd8 29. Qe2 b5 30. f4 b4 31. e5 Rxd1+ 32. Qxd1 Kg8 33. Qd3 Qe6 34. fxg5 Bxe5 35.
Bxe5 Qxe5 36. Qg6+ Qg7 37. Qxg7+ Kxg7 38. g3 hxg3 39. Kg2 Kg6 40. h4 Kf5 41. Kxg3
e6 42. Kf3 e5 43. Ke3 e4 44. c4 Ke5 45. g6 1-0

[Event "Miedzynarodowy Festiwal Szachowy VARSOVIA 2019 - grupa A"]
[Site "Warszawa"]
[Date "1899-12-30"]
[Round "7.22"]
[White "Czechowski, Jakub"]
[Black "Skurniak, Szymon"]
[Result "1-0"]
[WhiteTitle "I+"]
[BlackTitle "I+"]
[WhiteElo "1963"]
[BlackElo "2030"]

1. e4 c5 2. Nf3 d6 3. d4 cxd4 4. Nxd4 Nf6 5. Nc3 Nc6 6. Bg5 Qb6 7. Be3 a6 8. Qd2
Ng4 9. Nd5 Qxb2 10. Rc1 Nxe3 11. fxe3 Kd8 12. Nxc6+ bxc6 13. Qa5+ Ke8 14. Nc7+
Kd7 15. Nxa8 Qxc1+ 16. Kf2 Qxc2+ 17. Be2 g6 18. Qc7+ Ke6 19. Qxc8+ Kf6 20. Nc7
Qxe4 21. Ne8+ Ke5 22. Qb7 Qf5+ 23. Ke1 Qc2 24. Rf1 e6 25. Qb4 Qc1+ 26. Kf2 Qc2
27. Qd4+ Kf5 28. Qf4# 1-0

[Event "Miedzynarodowy Festiwal Szachowy VARSOVIA 2019 - grupa A"]
[Site "Warszawa"]
[Date "1899-12-30"]
[Round "7.23"]
[White "Jurkiewicz, Krzysztof"]
[Black "Jarocka, Liwia"]
[Result "1/2-1/2"]
[WhiteTitle "k"]
[BlackTitle "FM"]
[WhiteElo "2023"]
[BlackElo "1907"]

1. d4 Nf6 2. c4 c5 3. d5 e6 4. Nc3 d6 5. Nf3 exd5 6. cxd5 g6 7. Bg5 Bg7 8. e3 h6
9. Bf4 O-O 10. h3 Na6 11. Nd2 g5 12. Bg3 Ne8 13. Bxa6 bxa6 14. O-O f5 15. f4 a5
16. Qc2 Ba6 17. Rf2 Rb8 18. Nf3 gxf4 19. Bxf4 Nc7 20. Rd1 Qe7 21. Qa4 Rb4 22.
Qc2 Nb5 23. Nxb5 Bxb5 24. b3 a4 25. Rb1 axb3 26. axb3 Rf6 27. Nd2 Qb7 28. Rd1
Qe7 29. Nc4 Bxc4 30. bxc4 Qe4 31. Qa2 Qe7 32. Qa6 Rb6 33. Qc8+ Kh7 34. Ra2 Qb7
35. Qxb7 Rxb7 36. Ra6 Rd7 37. Rb1 Rg6 38. Rb8 Be5 39. Rf8 Bxf4 40. exf4 Kg7 41.
Rxf5 Rg3 42. Kh2 Rb3 43. g4 Rb4 44. g5 hxg5 45. fxg5 Rxc4 46. Kg3 Kg6 47. Rf4
Rc1 48. h4 c4 49. Rf6+ Kg7 50. Rc6 a5 51. Rf4 a4 52. Rcxc4 Rxc4 53. Rxc4 Ra7 54.
Rc2 a3 55. Ra2 Kg6 56. Kf3 Ra4 57. Ke2 Kf5 58. Kd1 Rxh4 59. Rxa3 Rd4+ 60. Ke2
Rxd5 61. Rg3 Kg6 62. Ke3 Rxg5 63. Rf3 Rf5 64. Rg3+ Kf6 65. Kd4 Ke6 66. Re3+ Kd7
67. Ra3 Rf4+ 68. Kd5 Rf5+ 69. Kd4 Rh5 70. Ra7+ Ke6 71. Ra8 Rh4+ 72. Kd3 Kd5 73.
Ke4+ Ke5+ 1/2-1/2

[Event "Miedzynarodowy Festiwal Szachowy VARSOVIA 2019 - grupa A"]
[Site "Warszawa"]
[Date "1899-12-30"]
[Round "7.24"]
[White "Rudzinska, Michalina"]
[Black "Janeczko, Jakub"]
[Result "1-0"]
[WhiteTitle "WFM"]
[BlackTitle "I"]
[WhiteElo "2005"]
[BlackElo "1906"]

1. e4 c5 2. Nf3 Nc6 3. d4 cxd4 4. Nxd4 Nf6 5. Nc3 e5 6. Ndb5 d6 7. a4 Be7 8. Bg5
a6 9. Na3 O-O 10. Bxf6 Bxf6 11. Bc4 Be6 12. O-O Bg5 13. Nd5 Ne7 14. c3 Kh8 15.
Qb3 Rb8 16. Rad1 Ng6 17. Ne3 Bxe3 18. fxe3 Qg5 19. Rde1 Bh3 20. Rf2 f5 21. Kh1
fxe4 22. Bf7 Nh4 23. gxh3 Nf3 24. Ref1 Qxe3 25. Qd5 Qf4 26. Bh5 Rf6 27. Bxf3 e3
28. Re2 Rbf8 29. Bg2 Qg5 30. Rxf6 Rxf6 31. Qxb7 g6 32. Qb8+ Kg7 33. Qa7+ Kh6 34.
Qxe3 Rf4 35. h4 Qxh4 36. Qh3 1-0

[Event "Miedzynarodowy Festiwal Szachowy VARSOVIA 2019 - grupa A"]
[Site "Warszawa"]
[Date "1899-12-30"]
[Round "7.25"]
[White "Hetzer, Volkhard"]
[Black "Derylo, Kamil"]
[Result "1/2-1/2"]
[WhiteTitle ""]
[BlackTitle "I++"]
[WhiteElo "1927"]
[BlackElo "1999"]

1. d4 d5 2. Nf3 c6 3. c4 Nf6 4. g3 Bf5 5. Nc3 e6 6. Qb3 Qb6 7. c5 Qxb3 8. axb3
Nbd7 9. b4 Ne4 10. Bg2 f6 11. Nd2 Nxd2 12. Bxd2 Be7 1/2-1/2

[Event "Miedzynarodowy Festiwal Szachowy VARSOVIA 2019 - grupa A"]
[Site "Warszawa"]
[Date "1899-12-30"]
[Round "7.26"]
[White "Zarebska, Lena"]
[Black "Bugajski, Robert"]
[Result "0-1"]
[WhiteTitle "I++"]
[BlackTitle "FM"]
[WhiteElo "1915"]
[BlackElo "2203"]

1. e4 c5 2. Nf3 d6 3. d4 Nf6 4. Nc3 cxd4 5. Nxd4 a6 6. Bc4 e6 7. O-O Be7 8. Bb3
O-O 9. Be3 Nc6 10. f4 Bd7 11. Qf3 Rc8 12. h3 Na5 13. Rae1 Nxb3 14. axb3 Qc7 15.
g4 b5 16. g5 Ne8 17. f5 b4 18. Na4 d5 19. exd5 exf5 20. c4 g6 21. c5 Bxa4 22.
d6 Nxd6 23. cxd6 Bxd6 24. bxa4 Rfe8 25. Bf2 Qd7 26. Rxe8+ Rxe8 27. Rd1 Qe7 28.
Qg2 Bf4 29. Re1 Qd7 30. Rxe8+ Qxe8 31. h4 Qxa4 32. Qa8+ Kg7 33. Nf3 Qa1+ 34. Ne1
Be3 35. Kf1 Bxf2 36. Kxf2 Qxb2+ 37. Kf1 Qd4 38. Nf3 Qd3+ 39. Kf2 b3 40. Qb8 Qc2+
41. Kg3 Qc3 42. h5 gxh5 43. Qb6 b2 44. Kf4 Qc1+ 45. Ke5 Qc3+ 46. Nd4 Qe3+ 47.
Kxf5 b1=Q+ 48. Qxb1 Qxd4 49. Qh1 Qg4+ 50. Ke5 Qxg5+ 51. Kd6 a5 52. Kd7 h4 53.
Qa1+ Qf6 54. Qg1+ Qg6 55. Qd4+ Kg8 56. Qxh4 h5 57. Ke7 Qg4 58. Qh2 Qe6+ 59. Kd8
a4 60. Qxh5 a3 61. Qg5+ Qg6 62. Qd2 Qb6+ 63. Kc8 Qe6+ 64. Kb7 a2 65. Qg5+ Kf8
66. Qd8+ Qe8 67. Qd4 Qb5+ 68. Kc8 Qa6+ 0-1

[Event "Miedzynarodowy Festiwal Szachowy VARSOVIA 2019 - grupa A"]
[Site "Warszawa"]
[Date "1899-12-30"]
[Round "7.27"]
[White "Wielecki, Zygmunt"]
[Black "Harazinska, Magdalena"]
[Result "0-1"]
[WhiteTitle "k"]
[BlackTitle "WFM"]
[WhiteElo "2095"]
[BlackElo "1994"]

1. Nf3 d5 2. b3 Nf6 3. Bb2 c5 4. e3 Nc6 5. d3 Bg4 6. Be2 e6 7. Nbd2 Be7 8. O-O
Qc7 9. c4 O-O 10. Re1 Rfd8 11. a3 a6 12. Qc2 Rac8 13. Rac1 dxc4 14. bxc4 h6 15.
Rb1 Rb8 16. Bf1 Nd7 17. d4 cxd4 18. exd4 Nf6 19. Rbc1 Bf5 20. Bd3 Bxd3 21. Qxd3
Qa5 22. Nf1 Rbc8 23. Qb3 b5 24. Ne3 bxc4 25. Rxc4 Qb5 26. Qc2 Na7 27. a4 Qb7 28.
Ne5 Rxc4 29. N3xc4 Nc6 30. Rd1 Nb4 31. Qe2 Qe4 32. Qxe4 Nxe4 33. Ba3 Nc3 34. Re1
Rxd4 35. Ne3 Nxa4 0-1

[Event "Miedzynarodowy Festiwal Szachowy VARSOVIA 2019 - grupa A"]
[Site "Warszawa"]
[Date "1899-12-30"]
[Round "8.1"]
[White "Kislinsky, Alexey"]
[Black "Kokoszczynski, Jan"]
[Result "1-0"]
[WhiteTitle "GM"]
[BlackTitle "k"]
[WhiteElo "2460"]
[BlackElo "2264"]

1. e4 e6 2. d4 d5 3. Nd2 Be7 4. Ngf3 Nf6 5. Bd3 c5 6. e5 Nfd7 7. c3 Nc6 8. O-O
g5 9. b4 cxb4 10. cxb4 Nxb4 11. Be2 Nf8 12. Rb1 Nc6 13. Nb3 b6 14. Ne1 Ng6 15.
Nd3 Nb4 16. Nxb4 Bxb4 17. Be3 Bd7 18. Nc1 Be7 19. Nd3 Rg8 20. Qd2 Nh4 21. Kh1
Rg7 22. g4 Ng6 23. Rb3 Kf8 24. f4 gxf4 25. Nxf4 Nxf4 26. Bxf4 Bg5 27. Rbf3 Be8
28. Bd3 Rc8 29. Rh3 Bxf4 30. Rxf4 Qc7 31. Rf1 Qe7 32. Bxh7 Qg5 33. Rf4 Rc4 34.
Bd3 Ra4 35. Rh8+ Ke7 36. Rxe8+ 1-0

[Event "Miedzynarodowy Festiwal Szachowy VARSOVIA 2019 - grupa A"]
[Site "Warszawa"]
[Date "1899-12-30"]
[Round "8.2"]
[White "Pacan-milej, Kosma"]
[Black "Czerwonski, Aleksander"]
[Result "0-1"]
[WhiteTitle "FM"]
[BlackTitle "IM"]
[WhiteElo "2315"]
[BlackElo "2358"]

1. d4 d5 2. c4 c6 3. Nf3 Nf6 4. Nc3 e6 5. cxd5 exd5 6. Qc2 Be7 7. h3 Nbd7 8. Bf4
Nf8 9. e3 Ne6 10. Be5 Bd6 11. Bd3 Bxe5 12. Nxe5 Nd7 13. Nf3 Qe7 14. O-O-O a5 15.
Kb1 Nf6 16. Ne5 Nd7 17. Nf3 Nf6 18. g4 g6 19. Rdf1 O-O 20. Na4 Nd7 21. h4 b5 22.
Qxc6 Rb8 23. Nc3 Nb6 24. Nxb5 Nc4 25. Qxd5 Nxb2 26. Be2 Bb7 27. Qb3 Nc7 28. Ne5
Bxh1 29. Qxb2 Be4+ 30. Ka1 f6 31. f3 Ba8 32. Qc2 Nxb5 33. Nxg6 hxg6 34. Qxg6+
Qg7 35. Qh5 Na3 36. Bd3 Rfc8 37. g5 Nc2+ 38. Bxc2 Rxc2 39. gxf6 Rxa2+ 0-1

[Event "Miedzynarodowy Festiwal Szachowy VARSOVIA 2019 - grupa A"]
[Site "Warszawa"]
[Date "1899-12-30"]
[Round "8.3"]
[White "Dzida, Kamil"]
[Black "Eggink, Ryszard"]
[Result "1/2-1/2"]
[WhiteTitle "k"]
[BlackTitle "m"]
[WhiteElo "2090"]
[BlackElo "2402"]

1. e4 c5 2. Nf3 d6 3. d4 cxd4 4. Nxd4 Nf6 5. Nc3 a6 6. Bg5 Nbd7 7. f4 Qc7 8. Qf3
h6 9. Bxf6 Nxf6 10. f5 b5 11. a4 b4 12. Nd5 Qc5 13. O-O-O Rb8 14. Nb3 Qc6 15.
a5 Nd7 16. Qe3 g5 17. fxg6 fxg6 18. Be2 Bg7 19. Rhf1 Be5 20. Kb1 Nf6 21. Qa7 Qb7
22. Qxb7 Bxb7 23. Nc7+ Kd7 24. Nxa6 Bxa6 25. Bxa6 Bxh2 26. Nd4 Kc7 27. Ne6+ Kc6
28. Nd4+ Kc7 29. Ne6+ 1/2-1/2

[Event "Miedzynarodowy Festiwal Szachowy VARSOVIA 2019 - grupa A"]
[Site "Warszawa"]
[Date "1899-12-30"]
[Round "8.4"]
[White "Kowalczyk, Rafal"]
[Black "Licznerski, Lukasz"]
[Result "0-1"]
[WhiteTitle "k++"]
[BlackTitle "FM"]
[WhiteElo "2242"]
[BlackElo "2373"]

1. e4 c6 2. d4 d5 3. Nc3 dxe4 4. Nxe4 Nd7 5. Ng5 Ngf6 6. Bd3 e6 7. N1f3 Bd6 8.
Qe2 h6 9. Ne4 Nxe4 10. Qxe4 Nf6 11. Qe2 b6 12. Ne5 Bb7 13. f4 Qc7 14. Bd2 O-O-O
15. O-O c5 16. a4 g5 17. fxg5 cxd4 18. Rxf6 Bxe5 19. Rxh6 Bxh2+ 20. Kh1 Bf4 21.
Rf1 Bxd2 22. Qxd2 Rdg8 23. Bh7 Rg7 24. Be4 Rhg8 25. Bxb7+ Qxb7 26. Rf3 Qd5 27.
Rh4 e5 28. Rf5 f6 29. Rh5 fxg5 30. Rfxg5 Rxg5 31. Rxg5 Rh8+ 32. Kg1 Qe4 33. Qf2
Re8 34. Rg7 a5 35. Rf7 Kb8 36. Rf8 Qc6 37. Qf7 Rc8 38. Qe7 Qc5 39. Rxc8+ Kxc8
40. Qe8+ Kc7 41. Qf7+ Kb8 42. Qg8+ Kb7 43. Qh7+ Kc6 44. Qg6+ Qd6 45. Qe8+ Kd5
46. Qb5+ Ke6 47. Qe8+ Kd5 48. Qb5+ Ke6 49. Qe8+ Kf6 50. Qh8+ Kg6 51. Qg8+ Kf5
52. Qf7+ Qf6 53. Qh5+ Ke6 54. Qe8+ Kd6 55. Qb8+ Kd5 56. Qb7+ Qc6 57. Qf7+ Qe6
58. Qb7+ Kc5 59. Qe4 Qd5 60. Qd3 Kc6 61. Qg6+ Kc5 62. Qd3 Kd6 63. Qg6+ Qe6 64.
Qg7 Qf5 65. Qh6+ Kd5 66. Qd2 e4 67. Qe2 Kd6 68. Qd2 Kd5 69. Qe2 d3 70. cxd3 exd3
71. Qe3 Kc4 72. Qc1+ Kb3 73. Qc3+ Ka2 74. Kh2 Qh5+ 75. Kg3 Qe2 76. Qa3+ Kb1 77.
b4 Qc2 78. bxa5 d2 79. Qb4+ Ka2 80. axb6 d1=Q 0-1

[Event "Miedzynarodowy Festiwal Szachowy VARSOVIA 2019 - grupa A"]
[Site "Warszawa"]
[Date "1899-12-30"]
[Round "8.5"]
[White "Vysochin, Spartak"]
[Black "Fiszer, Bartosz"]
[Result "1-0"]
[WhiteTitle "GM"]
[BlackTitle "CM"]
[WhiteElo "2512"]
[BlackElo "2146"]

1. e4 c5 2. c3 d5 3. exd5 Qxd5 4. d4 Nc6 5. Nf3 Bf5 6. Be3 Nf6 7. Na3 cxd4 8. Bc4
Qa5 9. Nxd4 Nxd4 10. Bxd4 e5 11. Bb5+ Bd7 12. Bxd7+ Nxd7 13. Nc4 Qc7 14. Qe2 O-O-O
15. Be3 Bc5 16. O-O-O f6 17. Qg4 Bxe3+ 18. Nxe3 Rhg8 19. Rd2 Kb8 20. Rhd1 Nc5
21. f3 g6 22. Qh4 Rxd2 23. Rxd2 Rf8 24. Qc4 Rc8 25. Qd5 e4 26. g3 f5 27. fxe4
Nxe4 28. Rd3 a6 29. Qd4 Nf2 30. Rd2 Ne4 31. Rd1 Re8 32. Kc2 Qa5 33. a3 Qb5 34.
Nc4 Qa4+ 35. b3 Qc6 36. a4 Nc5 37. Rd2 Ne4 38. Rd1 Nc5 39. Kb2 Qc7 40. a5 Re2+
41. Ka3 Re8 42. Nb6 Ne4 43. Kb2 Ng5 44. b4 Ne4 45. c4 h5 46. c5 h4 47. Rd3 hxg3
48. hxg3 Nxg3 49. Nd7+ Ka8 50. Qf6 f4 51. Nb6+ Ka7 52. Rd7 Ne4 53. Rxc7 Nxf6 54.
c6 Rb8 55. Rf7 Ne8 56. Kc2 g5 57. c7 Nxc7 58. Rxc7 g4 59. Kd2 Re8 60. Rg7 g3 61.
Rg4 Rf8 62. Ke2 f3+ 63. Kf1 Rd8 64. Rxg3 Kb8 65. Rxf3 Rd4 66. Rc3 Ka7 67. Rc4
Rd2 68. Ke1 Rh2 69. Kd1 Rg2 70. Kc1 Rh2 71. Rc2 Rh4 72. Nc4 Kb8 73. Kb2 Kc7 74.
Kb3 Kc6 75. Rg2 Rh3+ 76. Ka4 Rh1 77. Rd2 Ra1+ 78. Kb3 Rb1+ 79. Kc3 Rh1 80. Rd6+
Kb5 81. Rb6+ Ka4 82. Rxb7 Rh3+ 83. Kd4 Rh4+ 84. Kc5 Rh5+ 85. Kc6 Rxa5 86. Nxa5
1-0

[Event "Miedzynarodowy Festiwal Szachowy VARSOVIA 2019 - grupa A"]
[Site "Warszawa"]
[Date "1899-12-30"]
[Round "8.6"]
[White "Chylewski, Patryk"]
[Black "Adamski, Jan"]
[Result "1-0"]
[WhiteTitle "FM"]
[BlackTitle "IM"]
[WhiteElo "2357"]
[BlackElo "2170"]

1. d4 Nf6 2. c4 e6 3. g3 d5 4. Nf3 dxc4 5. Bg2 c5 6. Qa4+ Bd7 7. Qxc4 Nc6 8. dxc5
Qa5+ 9. Nc3 Qxc5 10. Qb3 Be7 11. O-O Qb6 12. Qc2 Nb4 13. Qb1 Bc6 14. e4 Rd8 15.
Be3 Bc5 16. Bxc5 Qxc5 17. e5 Nd7 18. a3 Na6 19. Ne4 Bxe4 20. Qxe4 Qb6 21. b4 Nc7
22. Rfc1 Nd5 23. Bf1 a5 24. Rab1 axb4 25. axb4 h6 26. Bd3 g6 27. h4 Ke7 28. Nd2
Rc8 29. Nc4 Qa7 30. h5 g5 31. Ra1 Qb8 32. Nd6 Rcg8 33. Ra5 N7b6 34. Qf3 Rg7 35.
Be4 g4 36. Qb3 Rg5 37. Bxd5 Nxd5 38. Rxd5 exd5 39. Qxd5 Rf8 40. Rc8 Rxc8 41. Qxf7+
Kd8 42. Nxb7+ Qxb7 43. Qxb7 Rxe5 44. Qb6+ Ke8 1-0

[Event "Miedzynarodowy Festiwal Szachowy VARSOVIA 2019 - grupa A"]
[Site "Warszawa"]
[Date "1899-12-30"]
[Round "8.7"]
[White "Chomczyk, Marek"]
[Black "Niekras, Dawid"]
[Result "0-1"]
[WhiteTitle "k++"]
[BlackTitle "FM"]
[WhiteElo "2274"]
[BlackElo "2331"]

1. e4 c5 2. Nf3 d6 3. d4 cxd4 4. Nxd4 Nf6 5. Nc3 a6 6. Bg5 Nbd7 7. Qe2 h6 8. Bh4
g6 9. O-O-O e5 10. f4 Qc7 11. fxe5 dxe5 12. Nb3 b5 13. Qf3 Bg7 14. Rxd7 Nxd7 15.
Nd5 Qb8 16. Bd3 O-O 17. Be7 Bb7 18. Rf1 Bxd5 19. exd5 f5 20. Bxf8 Qxf8 21. Qd1
e4 22. Be2 Nb6 23. Nd4 Qc5 24. c3 Rd8 25. Ne6 Qe3+ 26. Qd2 Qxd2+ 27. Kxd2 Rxd5+
28. Ke3 Be5 29. g4 Kf7 30. Nd4 Bxd4+ 31. cxd4 Kf6 32. gxf5 gxf5 33. Rc1 Rd6 34.
d5 Nxd5+ 35. Kd4 Nf4+ 36. Ke3 Nxe2 37. Kxe2 Ke5 38. b4 Rg6 39. Kf2 Kf4 40. Rc5
e3+ 41. Kf1 Rd6 42. h4 Rd1+ 43. Ke2 Rd2+ 44. Ke1 Ke4 45. a4 f4 0-1

[Event "Miedzynarodowy Festiwal Szachowy VARSOVIA 2019 - grupa A"]
[Site "Warszawa"]
[Date "1899-12-30"]
[Round "8.8"]
[White "Martins, David Pires Tavares"]
[Black "Kubicka, Anna"]
[Result "1-0"]
[WhiteTitle "IM"]
[BlackTitle "WIM"]
[WhiteElo "2422"]
[BlackElo "2221"]

1. d4 Nf6 2. c4 e6 3. Nc3 Bb4 4. f3 c5 5. d5 exd5 6. cxd5 d6 7. e4 O-O 8. Bg5 Re8
9. Be2 Nbd7 10. Nh3 Ne5 11. Nf2 h6 12. Be3 Ng6 13. Qd2 a6 14. O-O Nh5 15. g4 Nf6
16. g5 hxg5 17. Bxg5 Qa5 18. Bxf6 gxf6 19. Kh1 Kg7 20. Rg1 Rh8 21. Bd3 Rh5 22.
f4 Bxc3 23. bxc3 f5 24. Qe2 Kh6 25. Rg3 Bd7 26. exf5 Re8 27. Qxh5+ Kxh5 28. fxg6
c4 29. Rg5+ Kh6 30. gxf7 Qxc3 31. fxe8=Q Qxa1+ 32. Kg2 Bxe8 33. Ng4# 1-0

[Event "Miedzynarodowy Festiwal Szachowy VARSOVIA 2019 - grupa A"]
[Site "Warszawa"]
[Date "1899-12-30"]
[Round "8.9"]
[White "Mikhaletz, Lubomir"]
[Black "Siekanski, Janusz"]
[Result "1-0"]
[WhiteTitle "GM"]
[BlackTitle "k"]
[WhiteElo "2386"]
[BlackElo "2206"]

1. e4 c5 2. Nf3 e6 3. d4 cxd4 4. Nxd4 Nf6 5. Nc3 d6 6. g4 Nc6 7. h3 d5 8. Bg2 Bb4
9. exd5 Nxd5 10. Nde2 O-O 11. Bd2 Nb6 12. a3 Be7 13. b3 e5 14. Be3 Qxd1+ 15. Kxd1
h5 16. Be4 Rd8+ 17. Ke1 Nd4 18. Rd1 Bxa3 19. Nxd4 exd4 20. Rxd4 Be6 21. Nb5 Bb2
22. Rxd8+ Rxd8 23. Nc7 Bc8 24. c4 Bd4 25. Bxd4 Rxd4 26. f3 a5 27. Ke2 a4 28. Nd5
Nxd5 29. Bxd5 Be6 30. Ke3 Bxd5 31. Kxd4 Bxf3 32. Rb1 axb3 33. Rxb3 hxg4 34. hxg4
Bg2 35. Ke5 Kh7 36. Kf5 Bc6 37. Rh3+ Kg8 38. Ke5 Bd7 39. Rb3 Bc6 40. Kd6 g5 41.
Ke7 Kg7 42. Rd3 Be4 43. Re3 Bc6 44. Re5 f6 45. Rf5 Ba4 46. Rxf6 Bd1 47. Rf2 Kg6
48. Rg2 Bf3 49. Rg3 Be2 50. c5 Bd1 51. Kd6 Kf6 52. Kc7 Ke5 53. Kxb7 Kf4 54. Rg1
Bf3+ 55. c6 Ke3 56. Rg3 Kf2 57. Rxf3+ 1-0

[Event "Miedzynarodowy Festiwal Szachowy VARSOVIA 2019 - grupa A"]
[Site "Warszawa"]
[Date "1899-12-30"]
[Round "8.10"]
[White "Goslawski, Michal"]
[Black "Kowalski, Igor"]
[Result "1/2-1/2"]
[WhiteTitle "k+"]
[BlackTitle "FM"]
[WhiteElo "2157"]
[BlackElo "2354"]

1. Nf3 Nf6 2. c4 g6 3. g3 Bg7 4. Bg2 O-O 5. O-O c6 6. b3 d5 7. Bb2 Bf5 8. d3 a5
9. Nbd2 Na6 10. cxd5 cxd5 11. Be5 Qd7 12. Nd4 Bh3 13. N2f3 Bxg2 14. Kxg2 Bh6 15.
Bxf6 exf6 16. e3 Rfc8 17. Qd2 a4 18. b4 f5 19. Rfc1 Bg7 20. Rxc8+ Rxc8 21. b5
Nc5 1/2-1/2

[Event "Miedzynarodowy Festiwal Szachowy VARSOVIA 2019 - grupa A"]
[Site "Warszawa"]
[Date "1899-12-30"]
[Round "8.11"]
[White "Seemann, Jakub"]
[Black "Chyzy, Jakub"]
[Result "0-1"]
[WhiteTitle "I+"]
[BlackTitle "FM"]
[WhiteElo "2050"]
[BlackElo "2291"]

1. e4 e5 2. Nf3 Nc6 3. Bb5 a6 4. Ba4 Nge7 5. O-O g6 6. c3 Bg7 7. d4 exd4 8. cxd4
b5 9. Bb3 O-O 10. d5 Na5 11. Bd2 Nxb3 12. Qxb3 c5 13. a4 bxa4 14. Rxa4 d6 15.
Ba5 Qe8 16. Nbd2 Bd7 17. Ra2 Rb8 18. Qc2 Bb5 19. Nc4 Qd7 20. b3 Rbe8 21. Rd1 Nc8
22. Bd2 f5 23. exf5 Rxf5 24. Ne3 Rxf3 25. gxf3 Be2 26. Re1 Bxf3 27. Bc3 Bxc3 28.
Qxc3 Re5 29. Rc1 Qh3 30. Qxe5 dxe5 31. Rxc5 Nb6 32. Rd2 Nxd5 33. Rcxd5 Bxd5 34.
Rxd5 Qe6 35. Ra5 h5 36. Kg2 Qxb3 37. Rxe5 Qb6 38. Kg3 a5 39. Kf4 Qd4+ 40. Re4
Qf6+ 41. Kg3 Qd6+ 42. f4 Qd7 43. Kh4 a4 44. f5 a3 45. fxg6 a2 46. Nc2 Qd8+ 0-1

[Event "Miedzynarodowy Festiwal Szachowy VARSOVIA 2019 - grupa A"]
[Site "Warszawa"]
[Date "1899-12-30"]
[Round "8.12"]
[White "Golecki, Jan"]
[Black "Koziorowicz, Michal"]
[Result "1-0"]
[WhiteTitle "I++"]
[BlackTitle "k"]
[WhiteElo "2053"]
[BlackElo "2184"]

1. e4 c5 2. Nf3 e6 3. d4 cxd4 4. Nxd4 Nc6 5. Nc3 a6 6. Be3 Nf6 7. Bd3 Qc7 8. O-O
b5 9. a4 b4 10. Nce2 Bb7 11. Bf4 e5 12. Bg3 Nxd4 13. Nxd4 d6 14. Re1 g6 15. a5
Bg7 16. Nb3 O-O 17. Ra4 d5 18. f3 Qd6 19. Qd2 dxe4 20. fxe4 Nh5 21. Qxb4 Qc7 22.
Qb6 Qe7 23. Rb4 Rab8 24. Qc5 Qe8 25. Qa7 Qc6 26. Qb6 Nxg3 27. hxg3 f5 28. Bxa6
Qxb6+ 29. Rxb6 Bxe4 30. Nc5 Bxc2 31. Nd7 Ra8 32. Bc4+ Kh8 33. Nxf8 Rxf8 34. Rc1
Be4 35. a6 Bh6 36. Rc3 Ra8 37. Ra3 Ra7 38. Kf2 Bg5 39. Ra5 Kg7 40. Bd5 Bxd5 41.
Rxd5 Kh6 42. Rxe5 Bd8 43. Rc6 Kg5 44. Rd5 Be7 45. Rb5 Bf6 46. Rb7 Ra8 47. a7 Bd4+
48. Kf1 Be3 49. Rcc7 Kg4 50. Rxh7 g5 51. b4 Bd4 52. b5 f4 53. gxf4 Kg3 54. Rb8
Rxa7 55. Rxa7 Bxa7 56. Rb7 1-0

[Event "Miedzynarodowy Festiwal Szachowy VARSOVIA 2019 - grupa A"]
[Site "Warszawa"]
[Date "1899-12-30"]
[Round "8.13"]
[White "Kolasinski, Krzysztof"]
[Black "Stachanczyk, Jacek"]
[Result "1/2-1/2"]
[WhiteTitle "I++"]
[BlackTitle "IM"]
[WhiteElo "2115"]
[BlackElo "2160"]

1. d4 d5 2. c4 c6 3. cxd5 cxd5 4. Nc3 Nf6 5. Bf4 Nc6 6. e3 Bf5 7. Qb3 Na5 8. Qa4+
Bd7 9. Qc2 e6 10. Nf3 Be7 11. Bd3 Nc6 12. a3 Nh5 13. Be5 f6 14. Bg3 f5 15. Be5
O-O 16. O-O Nf6 17. b4 Rc8 18. Qb3 Ne4 19. Rfc1 Be8 20. Na4 Bh5 21. Ne1 Bd6 22.
Bxd6 Nxd6 1/2-1/2

[Event "Miedzynarodowy Festiwal Szachowy VARSOVIA 2019 - grupa A"]
[Site "Warszawa"]
[Date "1899-12-30"]
[Round "8.14"]
[White "Rahul Kumar, Pune"]
[Black "Czernek, Tymon"]
[Result "1-0"]
[WhiteTitle ""]
[BlackTitle "I++"]
[WhiteElo "2148"]
[BlackElo "2097"]

1. e4 c5 2. b4 b6 3. bxc5 bxc5 4. Nc3 Nc6 5. Nf3 g6 6. Bc4 Bg7 7. O-O e6 8. Rb1
Nge7 9. Re1 d6 10. Ne2 O-O 11. c3 d5 12. Bd3 c4 13. Bc2 dxe4 14. Bxe4 f5 15. Bxc6
Nxc6 16. Qa4 Bd7 17. Qxc4 Rc8 18. Qa6 e5 19. d4 e4 20. Ng5 Kh8 21. Rb7 h6 22.
Nf4 Qe8 23. Nf3 g5 24. Nd3 Nd8 25. Rxa7 Ne6 26. Nde5 Bb5 27. Qd6 Rd8 28. Qb4 exf3
29. Re7 Qh5 30. Qxb5 Nf4 31. Bxf4 gxf4 32. Nxf3 Bf6 33. R7e6 Rg8 34. Rxf6 Qh3
35. Nh4 Qxh4 36. Qc6 Rxg2+ 37. Kxg2 f3+ 38. Kh1 1-0